| 000 | 00550cam a2200193 4500 | ||
|---|---|---|---|
| 001 | D1008 | ||
| 008 | 090401t1970 xxu||||| |||| 00| 0 eng d | ||
| 035 | _a(Sirsi) u62199 | ||
| 041 | _aeng | ||
| 050 | _a692.309676 | ||
| 110 |
_aThe Architectural Association of Kenya _93253 |
||
| 245 | _aStandard method of measurement of building works in East Africa. | ||
| 260 |
_aNairobi _bThe Architectural Association of Kenya _c1970 |
||
| 300 | _aviii. 101p. 29cm | ||
| 350 | _a0 | ||
| 520 | _aFiled at SMM 1970/1BC | ||
| 942 | _n0 | ||
| 948 | _c04/03/1997 | ||
| 999 |
_c94379 _d94379 |
||